000 00414cam a2200157ua 4500
041 _aeng
_h
082 _a808.0666
_bKAP/PR
100 _aKapp, Reginald O .
245 _aPresentation of technical information /
_cReginald Kapp.
_hTextual Documents
260 _aLondon :
_bConstable and Company Ltd ,
_c1961.
300 _a147 ; .
500 _a**Reference
504 _a
942 _cBK
999 _c7910
_d7910